Statistics for Scottish football players who scored in FIFA World Cup Finals

Click here to take the quiz!

General Stats

  • This quiz has been taken 347 times
  • The average score is 7 of 18

Answer Stats

Number of GoalsYear(s)Player% Correct
21978, 1982Kenny Dalglish
78%
11986Gordon Strachan
68%
21978Archie Gemmill
68%
41974, 1978, 1982Joe Jordan
63%
11990Mo Johnston
57%
11982Graeme Souness
56%
11998John Collins
54%
11958Bobby Collins
50%
11998Craig Burley
47%
11982David Narey
46%
11990Stuart McCall
33%
11982Steve Archibald
29%
21982John Wark
28%
11982John Robertson
28%
11974Peter Lorimer
27%
11958Jimmy Murray
6%
11958Sammy Baird
3%
11958Jackie Mudie
3%

Score Distribution

Percentile by Number Answered

Percent of People with Each Score

Your Score History

You have not taken this quiz